England FIFA World Cup XIs - Statistics

General Stats
  • This quiz has been taken 460 times
  • The average score is 58 of 131
Answer Stats
Answer % Correct
Harry Kane
96%
Jordan Pickford
96%
Des Walker
91%
John Stones
91%
Kyle Walker
91%
Wayne Rooney
90%
Frank Lampard
89%
Joe Hart
89%
Steven Gerrard
89%
David Beckham
88%
Harry Maguire
88%
Phil Foden
86%
Rio Ferdinand
86%
Ashley Cole
85%
Bukayo Saka
85%
Joe Cole
85%
Jordan Henderson
85%
Luke Shaw
84%
Paul Scholes
84%
John Terry
83%
Declan Rice
82%
David Seaman
81%
Michael Owen
81%
Bobby Charlton
80%
Jack Charlton
80%
Jude Bellingham
80%
Raheem Sterling
80%
Gary Neville
77%
Alan Shearer
75%
Bobby Moore
75%
David James
73%
Gary Lineker
72%
Glen Johnson
70%
Kieran Trippier
70%
Gary Cahill
68%
Sol Campbell
65%
Daniel Sturridge
64%
Dele Alli
63%
Billy Wright
60%
Gordon Banks
60%
Mark Wright
60%
Tommy Banks
60%
James Milner
59%
Tony Adams
58%
Jesse Lingard
57%
Emile Heskey
56%
Jamie Carragher
55%
Paul Gascoigne
54%
Peter Shilton
54%
Geoff Hurst
53%
Danny Welbeck
52%
Nicky Butt
52%
Paul Robinson
52%
Ashley Young
51%
Leighton Baines
49%
Gareth Barry
48%
Paul Ince
47%
John Barnes
46%
Phil Jagielka
44%
Bobby Robson
43%
Bryan Robson
43%
Jimmy Greaves
42%
Matthew Upson
41%
Stuart Pearce
41%
Paul Parker
40%
Stanley Matthews
40%
Terry Butcher
37%
David Platt
36%
Glenn Hoddle
36%
Nobby Stiles
35%
Alan Ball
34%
Graeme Le Saux
33%
Martin Peters
33%
Ray Wilson
33%
Roger Hunt
33%
Chris Waddle
32%
Danny Mills
32%
Darren Anderton
32%
Mick Mills
32%
Peter Beardsley
31%
David Batty
29%
George Cohen
27%
Laurie Hughes
27%
Trevor Steven
27%
Gary Stevens
25%
Ray Wilkins
25%
Trevor Sinclair
25%
Phil Thompson
24%
Bert Williams
22%
Francis Lee
22%
Kenny Sansom
22%
Peter Reid
22%
Trevor Francis
22%
Alf Ramsey
20%
Steve Hodge
20%
Tom Finney
20%
Tommy Taylor
20%
Paul Mariner
19%
Nat Lofthouse
18%
Terry Fenwick
17%
Steve Coppell
16%
Stan Mortensen
15%
Alan Mullery
14%
Johnny Haynes
13%
Ron Flowers
13%
Terry Cooper
13%
Brian Labone
12%
Gil Merrick
12%
Graham Rix
12%
Jimmy Armfield
12%
Keith Newton
11%
Roger Byrne
10%
Ron Springett
10%
Wilf Mannion
10%
Derek Kevan
9%
Don Howe
8%
Jimmy Mullen
8%
John Aston
8%
Roy Bentley
8%
Ivor Broadis
7%
Jimmy Dickinson
7%
Bryan Douglas
6%
Colin McDonald
6%
Gerry Hitchens
6%
Maurice Norman
6%
Alan A'Court
4%
Bill McGarry
4%
Bill Slater
4%
Eddie Clamp
3%
Ron Staniforth
3%
No matching quizzes found
Score Distribution
Percent of People with Each Score
Percentile by Number Answered
Your Score History
You have not taken this quiz